Music Quiz

Random Music or Bands Quiz

Lead Singer by Extra-Curricular Activity Quiz Stats

 Plays Quiz not verified by Sporcle

Score 0/21 Timer 07:00
0 Plays Today
% Correct
Ozzy Osbourne (Black Sabbath)
88.6%
Phil Collins (Genesis)
76.5%
Steven Tyler (Aerosmith)
73.6%
Rob Thomas (Matchbox Twenty)
70.5%
Bono (U2)
70%
Mick Jagger (The Rolling Stones)
69.2%
Bob Geldof (Boomtown Rats)
67.8%
Hayley Williams (Paramore)
58.8%
Damon Albarn (Blur)
58.6%
Chrissie Hynde (The Pretenders)
49.4%
Jack White (The White Stripes)
48.2%
% Correct
Barry Gibb (Bee Gees)
47.2%
Freddie Mercury (Queen)
45.3%
David Byrne (Talking Heads)
41.4%
Michael Stipe (REM)
41.4%
Eddie Vedder (Pearl Jam)
39.2%
Roger Daltrey (The Who)
38%
Jim Morrison (The Doors)
33.9%
Rivers Cuomo (Weezer)
32.7%
Jerry Garcia (Grateful Dead)
32%
Billie Joe Armstrong (Green Day)
29.5%

You're not logged in!

Compare scores with friends on all Sporcle quizzes.
OR
Log In

Sporcle TV

Today on Sporcle TV


Watch our educational content, quiz creation guides, and fun videos on Sporcle TV.

Show Comments

Extras

Top Quizzes Today


Score Distribution

Your Account Isn't Verified!

In order to create a playlist on Sporcle, you need to verify the email address you used during registration. Go to your Sporcle Settings to finish the process.

Report this User

Report this user for behavior that violates our Community Guidelines.

Details: